[Event "WCO 2016"]
[Site "?"]
[Date "2016.09.11"]
[Round "9"]
[Board "2"]
[WhiteID "3003000"]
[White "Larrea Daniela"]
[BlackID "10800310"]
[Black "Wambugu Jane Wanjiru"]
[Result "1-0"]
[BlackElo "1542"]
[WhiteElo "1778"]
[LiveChessVersion "1.4.8"]

1. d4 {[%clk 1:30:56]} c6 {[%clk 1:30:52]} 2. c4 {[%clk 1:31:19]} d5
{[%clk 1:31:16]} 3. g3 {[%clk 1:31:43]} g6 {[%clk 1:30:36]} 4. Bg2
{[%clk 1:32:07]} Bg7 {[%clk 1:30:21]} 5. cxd5 {[%clk 1:32:21]} cxd5
{[%clk 1:30:22]} 6. Nf3 {[%clk 1:32:45]} e6 {[%clk 1:29:38]} 7. O-O
{[%clk 1:32:30]} Ne7 {[%clk 1:29:57]} 8. Nc3 {[%clk 1:31:58]} O-O
{[%clk 1:29:52]} 9. Bf4 {[%clk 1:31:16]} a6 {[%clk 1:29:02]} 10. Rc1
{[%clk 1:28:32]} b5 {[%clk 1:26:46]} 11. Ne5 {[%clk 1:19:49]} Bb7
{[%clk 1:23:38]} 12. Nb1 {[%clk 1:10:04]} Nbc6 {[%clk 1:21:37]} 13. Nxc6
{[%clk 1:05:43]} Bxc6 {[%clk 1:15:27]} 14. Bg5 {[%clk 1:00:37]} Rc8
{[%clk 1:14:05]} 15. Rc5 {[%clk 0:59:33]} Re8 {[%clk 1:12:53]} 16. Qd2
{[%clk 0:58:24]} Qd7 {[%clk 1:07:36]} 17. Bh6 {[%clk 0:48:13]} Nf5
{[%clk 1:04:44]} 18. Bxg7 {[%clk 0:48:32]} Kxg7 {[%clk 1:04:54]} 19. Rfc1
{[%clk 0:47:50]} Bb7 {[%clk 0:56:57]} 20. e3 {[%clk 0:47:37]} Rc6
{[%clk 0:54:04]} 21. Rxc6 {[%clk 0:47:29]} Bxc6 {[%clk 0:54:05]} 22. Qa5
{[%clk 0:47:25]} Qb7 {[%clk 0:53:13]} 23. Nd2 {[%clk 0:46:34]} Nd6
{[%clk 0:50:37]} 24. Nb3 {[%clk 0:37:21]} Nc4 {[%clk 0:45:02]} 25. Qc3
{[%clk 0:37:25]} b4 {[%clk 0:37:48]} 26. Qc2 {[%clk 0:35:14]} Rc8
{[%clk 0:31:19]} 27. Nc5 {[%clk 0:35:02]} Qb5 {[%clk 0:21:14]} 28. Bf1
{[%clk 0:34:51]} Qa5 {[%clk 0:19:19]} 29. b3 {[%clk 0:24:57]} Na3
{[%clk 0:17:57]} 30. Qd2 {[%clk 0:24:41]} Nb5 {[%clk 0:15:55]} 31. Bxb5
{[%clk 0:24:48]} Qxb5 {[%clk 0:15:52]} 32. Nd3 {[%clk 0:24:36]} Qb7
{[%clk 0:13:40]} 33. Qxb4 {[%clk 0:20:12]} Qa8 {[%clk 0:08:56]} 34. Rc5
{[%clk 0:18:02]} Rb8 {[%clk 0:07:44]} 35. Qc3 {[%clk 0:18:05]} Bb5
{[%clk 0:07:10]} 36. Ne5 Rf8 {[%clk 0:05:25]} 37. Rc7 {[%clk 0:12:39]} h5
{[%clk 0:04:09]} 38. Qc2 {[%clk 0:12:10]} Kf6 {[%clk 0:02:44]} 39. Qd1
{[%clk 0:09:41]} Kg7 {[%clk 0:01:35]} 40. Qc2 {[%clk 0:36:11]} Kf6
{[%clk 0:31:55]} 41. f3 {[%clk 0:29:34]} g5 {[%clk 0:30:05]} 42. Qh7
{[%clk 0:27:22]} Qe8 {[%clk 0:28:34]} 43. Qxh5 {[%clk 0:26:51]} Be2
{[%clk 0:26:39]} 44. Qh6+ {[%clk 0:26:23]} 1-0

[Event "WCO 2016"]
[Site "?"]
[Date "2016.09.11"]
[Round "9"]
[Board "3"]
[WhiteID "10800514"]
[White "Maina Purity"]
[BlackID "3004147"]
[Black "Quevedo Andreina"]
[Result "0-1"]
[BlackElo "1699"]
[WhiteElo "1528"]
[LiveChessVersion "1.4.8"]

1. e4 {[%clk 1:30:55]} e5 {[%clk 1:30:36]} 2. Nf3 {[%clk 1:31:17]} Nc6
{[%clk 1:31:02]} 3. Bc4 {[%clk 1:31:33]} Bc5 {[%clk 1:31:27]} 4. d3
{[%clk 1:30:40]} Nf6 {[%clk 1:31:24]} 5. Bg5 {[%clk 1:30:38]} d6 {[%clk 1:31:38]}
6. h3 {[%clk 1:30:51]} h6 {[%clk 1:31:57]} 7. Bh4 {[%clk 1:31:13]} a6
{[%clk 1:27:08]} 8. a3 {[%clk 1:31:32]} Be6 {[%clk 1:18:20]} 9. Ba2
{[%clk 1:31:06]} Bxa2 {[%clk 1:17:28]} 10. Rxa2 {[%clk 1:31:29]} g5
{[%clk 1:13:57]} 11. Bg3 {[%clk 1:30:50]} Qe7 {[%clk 1:11:57]} 12. b4
{[%clk 1:28:22]} Ba7 {[%clk 1:11:34]} 13. Nbd2 {[%clk 1:26:53]} d5
{[%clk 1:07:33]} 14. Rb2 {[%clk 1:17:37]} O-O-O {[%clk 0:58:22]} 15. Qe2
{[%clk 1:13:17]} Rhe8 {[%clk 0:46:22]} 16. c3 {[%clk 1:11:58]} Qd6
{[%clk 0:35:35]} 17. O-O {[%clk 1:06:53]} Nh5 {[%clk 0:33:45]} 18. Bh2
{[%clk 0:52:44]} Nf4 {[%clk 0:33:57]} 19. Bxf4 {[%clk 0:51:00]} exf4
{[%clk 0:28:40]} 20. b5 {[%clk 0:42:00]} axb5 {[%clk 0:26:17]} 21. Rxb5
{[%clk 0:39:37]} f5 {[%clk 0:23:37]} 22. Qd1 {[%clk 0:31:26]} fxe4
{[%clk 0:22:48]} 23. dxe4 {[%clk 0:13:20]} dxe4 {[%clk 0:23:01]} 24. Nd4
{[%clk 0:10:12]} Nxd4 {[%clk 0:23:07]} 25. cxd4 {[%clk 0:10:29]} Qxd4
{[%clk 0:23:11]} 26. Qg4+ {[%clk 0:09:27]} Qd7 {[%clk 0:20:51]} 27. Qxd7+
{[%clk 0:06:54]} Rxd7 {[%clk 0:21:16]} 28. Nc4 {[%clk 0:07:06]} e3
{[%clk 0:20:25]} 29. fxe3 {[%clk 0:06:57]} fxe3 {[%clk 0:20:30]} 30. Kh1
{[%clk 0:06:23]} e2 {[%clk 0:20:28]} 31. Re1 {[%clk 0:06:51]} Rd1
{[%clk 0:20:23]} 32. Rb1 {[%clk 0:06:49]} 0-1

[Event "WCO 2016"]
[Site "?"]
[Date "2016.09.11"]
[Round "9"]
[Board "4"]
[WhiteID "3003973"]
[White "de San Vicente Sabrina"]
[BlackID "10802886"]
[Black "Joyce Nyaruai"]
[Result "0-1"]
[BlackElo "1482"]
[WhiteElo "1670"]
[LiveChessVersion "1.4.8"]

1. d4 {[%clk 1:30:56]} d5 {[%clk 1:30:45]} 2. c4 {[%clk 1:31:16]} e6
{[%clk 1:30:29]} 3. cxd5 {[%clk 1:31:33]} exd5 {[%clk 1:30:20]} 4. Nc3
{[%clk 1:31:37]} Nf6 {[%clk 1:30:31]} 5. Bg5 {[%clk 1:31:47]} c6 {[%clk 1:29:00]}
6. e3 {[%clk 1:30:56]} Bf5 {[%clk 1:27:58]} 7. Qf3 {[%clk 1:29:55]} Bg6
{[%clk 1:12:36]} 8. Bxf6 {[%clk 1:28:38]} Qxf6 {[%clk 1:12:57]} 9. Qxf6
{[%clk 1:28:41]} gxf6 {[%clk 1:13:26]} 10. Nf3 {[%clk 1:24:34]} Nd7
{[%clk 1:08:15]} 11. Be2 {[%clk 1:23:50]} h6 {[%clk 1:00:01]} 12. O-O
{[%clk 1:13:37]} O-O-O {[%clk 0:55:12]} 13. Rfc1 {[%clk 1:08:42]} Kb8
{[%clk 0:55:21]} 14. a3 {[%clk 1:08:08]} Bd6 {[%clk 0:55:32]} 15. b4
{[%clk 1:07:13]} Bf5 {[%clk 0:50:52]} 16. Kf1 {[%clk 1:02:26]} Be6
{[%clk 0:49:16]} 17. h4 {[%clk 1:00:39]} Rhg8 {[%clk 0:48:54]} 18. Nd2
{[%clk 0:55:10]} f5 {[%clk 0:47:35]} 19. Nb3 {[%clk 0:38:37]} f4 {[%clk 0:40:27]}
20. Nc5 {[%clk 0:32:33]} Bf5 {[%clk 0:34:08]} 21. Nxd7+ {[%clk 0:28:14]} Rxd7
{[%clk 0:30:25]} 22. b5 {[%clk 0:25:34]} fxe3 {[%clk 0:28:48]} 23. bxc6
{[%clk 0:23:43]} bxc6 {[%clk 0:29:16]} 24. fxe3 {[%clk 0:22:29]} Rb7
{[%clk 0:25:56]} 25. Bf3 {[%clk 0:18:44]} Bg4 {[%clk 0:11:54]} 26. Rc2
{[%clk 0:13:13]} Rb3 {[%clk 0:10:36]} 27. a4 {[%clk 0:11:22]} a5 {[%clk 0:09:29]}
28. Rb1 {[%clk 0:09:51]} Rb4 {[%clk 0:09:31]} 29. Rbb2 {[%clk 0:04:06]} Ka8
{[%clk 0:04:25]} 30. Na2 {[%clk 0:04:28]} Rxb2 {[%clk 0:04:21]} 31. Rxb2
{[%clk 0:04:50]} Bxf3 {[%clk 0:04:07]} 32. gxf3 {[%clk 0:05:19]} Ka7
{[%clk 0:04:13]} 33. Rg2 {[%clk 0:04:16]} Rb8 {[%clk 0:03:53]} 34. Rc2
{[%clk 0:01:53]} Rb6 {[%clk 0:03:40]} 35. Ke2 {[%clk 0:02:02]} h5
{[%clk 0:04:01]} 36. Kf2 {[%clk 0:01:44]} Kb7 {[%clk 0:04:09]} 37. f4
{[%clk 0:01:54]} Rb1 {[%clk 0:04:03]} 38. Kg2 {[%clk 0:01:35]} Be7
{[%clk 0:04:16]} 39. Kg3 {[%clk 0:01:15]} Re1 {[%clk 0:03:48]} 40. Rb2+
{[%clk 0:31:19]} Kc7 {[%clk 0:34:01]} 41. Rb3 {[%clk 0:30:31]} Rh1
{[%clk 0:33:46]} 42. Nc3 {[%clk 0:23:44]} Bxh4+ {[%clk 0:32:55]} 43. Kf3
{[%clk 0:23:24]} Rh3+ {[%clk 0:30:57]} 44. Ke2 {[%clk 0:23:28]} Bf6
{[%clk 0:30:54]} 45. Kd3 {[%clk 0:21:39]} Rg3 {[%clk 0:30:18]} 46. Rb1
{[%clk 0:18:10]} h4 {[%clk 0:30:30]} 47. Ne2 {[%clk 0:12:21]} Rg8
{[%clk 0:29:58]} 48. Ng1 {[%clk 0:12:06]} Rg3 {[%clk 0:29:43]} 49. Ne2
{[%clk 0:12:01]} Rh3 {[%clk 0:28:34]} 50. Rg1 {[%clk 0:11:38]} Rh2
{[%clk 0:28:00]} 51. Rc1 {[%clk 0:10:47]} h3 {[%clk 0:23:20]} 52. Kd2
{[%clk 0:06:11]} Kd6 {[%clk 0:21:57]} 53. Kd3 {[%clk 0:06:17]} Rg2
{[%clk 0:21:36]} 54. Rh1 {[%clk 0:04:14]} h2 {[%clk 0:21:36]} 55. Rc1
{[%clk 0:03:31]} Bh4 {[%clk 0:21:46]} 56. Rh1 {[%clk 0:00:59]} Bf2
{[%clk 0:22:04]} 57. Kd2 {[%clk 0:00:56]} Bg1 {[%clk 0:21:26]} 58. Ke1
{[%clk 0:01:13]} Bxe3 {[%clk 0:20:46]} 59. Kf1 {[%clk 0:01:04]} Rf2+
{[%clk 0:20:15]} 60. Ke1 {[%clk 0:01:11]} 0-1

[Event "WCO 2016"]
[Site "?"]
[Date "2016.09.11"]
[Round "9"]
[Board "3"]
[WhiteID "26091305"]
[White "Rubsamen Anais"]
[BlackID "12201413"]
[Black "Zienab mustafa mansour "]
[Result "1-0"]
[BlackElo "1195"]
[WhiteElo "1611"]
[LiveChessVersion "1.4.8"]

1. Nf3 {[%clk 1:30:58]} d5 {[%clk 1:30:43]} 2. g3 {[%clk 1:31:22]} Nf6
{[%clk 1:30:57]} 3. Bg2 {[%clk 1:31:40]} Nc6 {[%clk 1:31:00]} 4. O-O
{[%clk 1:30:49]} Be6 {[%clk 1:31:21]} 5. d3 {[%clk 1:30:29]} h6 {[%clk 1:31:30]}
6. Nbd2 {[%clk 1:30:38]} Qd7 {[%clk 1:31:21]} 7. b3 {[%clk 1:26:19]} Bh3
{[%clk 1:29:46]} 8. Bb2 {[%clk 1:24:50]} Bxg2 {[%clk 1:28:48]} 9. Kxg2
{[%clk 1:25:14]} O-O-O {[%clk 1:27:17]} 10. e4 {[%clk 1:20:45]} dxe4
{[%clk 1:22:45]} 11. Nxe4 {[%clk 1:20:48]} Nxe4 {[%clk 1:22:53]} 12. dxe4
{[%clk 1:21:02]} f6 {[%clk 1:21:30]} 13. Qxd7+ {[%clk 1:16:20]} Rxd7
{[%clk 1:21:47]} 14. Rfd1 {[%clk 1:08:43]} e5 {[%clk 1:20:50]} 15. a3
{[%clk 1:03:15]} Rxd1 {[%clk 1:20:00]} 16. Rxd1 {[%clk 1:03:38]} Bd6
{[%clk 1:20:23]} 17. Nh4 {[%clk 0:59:53]} Ne7 {[%clk 1:19:22]} 18. c4
{[%clk 0:56:56]} Rd8 {[%clk 1:17:01]} 19. b4 {[%clk 0:56:07]} b6 {[%clk 1:13:56]}
20. Kf1 {[%clk 0:49:07]} a6 {[%clk 1:11:28]} 21. Ke2 {[%clk 0:44:47]} Rd7
{[%clk 1:10:57]} 22. f3 {[%clk 0:35:05]} Rd8 {[%clk 1:08:07]} 23. Ng2
{[%clk 0:30:32]} Rd7 {[%clk 1:03:51]} 24. Ne3 {[%clk 0:30:04]} Rd8
{[%clk 1:02:38]} 25. Nd5 {[%clk 0:25:58]} Rd7 {[%clk 1:00:27]} 26. Rc1
{[%clk 0:23:10]} c5 {[%clk 0:51:24]} 27. Nxb6+ {[%clk 0:23:11]} Kc7
{[%clk 0:50:56]} 28. Nxd7 {[%clk 0:23:31]} Kxd7 {[%clk 0:50:53]} 29. Rd1
{[%clk 0:21:29]} Kc7 {[%clk 0:50:53]} 30. b5 {[%clk 0:18:03]} Nc8
{[%clk 0:44:32]} 31. Bc3 {[%clk 0:13:11]} Kb6 {[%clk 0:43:42]} 32. a4
{[%clk 0:13:14]} Ka7 {[%clk 0:36:14]} 33. Ba5 {[%clk 0:12:28]} Kb8
{[%clk 0:34:47]} 34. Ke3 {[%clk 0:10:53]} Ka7 {[%clk 0:34:36]} 35. f4
{[%clk 0:10:38]} Kb8 {[%clk 0:21:20]} 36. fxe5 {[%clk 0:09:04]} fxe5
{[%clk 0:21:39]} 37. Rf1 {[%clk 0:08:47]} Be7 {[%clk 0:21:47]} 38. Rf7
{[%clk 0:08:28]} Bf6 {[%clk 0:22:05]} 39. Rd7 {[%clk 0:06:54]} Be7
{[%clk 0:19:25]} 40. Bc7+ {[%clk 0:35:14]} Ka8 {[%clk 0:48:44]} 41. Bxe5
{[%clk 0:33:59]} axb5 {[%clk 0:46:53]} 42. axb5 {[%clk 0:33:46]} Bf6
{[%clk 0:46:51]} 43. Bxf6 {[%clk 0:33:37]} gxf6 {[%clk 0:47:12]} 44. Rc7
{[%clk 0:33:22]} Nd6 {[%clk 0:45:28]} 45. Rxc5 {[%clk 0:32:53]} Kb7
{[%clk 0:45:25]} 46. Rc6 {[%clk 0:32:18]} Ne8 {[%clk 0:29:51]} 47. Re6
{[%clk 0:31:29]} 1-0

[Event "WCO 2016"]
[Site "?"]
[Date "2016.09.11"]
[Round "9"]
[Board "5"]
[WhiteID "8700478"]
[White "Mwango Lorita"]
[BlackID "11102470"]
[Black "Murray Donna"]
[Result "1-0"]
[BlackElo "1419"]
[WhiteElo "1935"]
[LiveChessVersion "1.4.8"]

1. d4 {[%clk 1:30:57]} Nf6 {[%clk 1:30:54]} 2. Nf3 {[%clk 1:30:51]} g6
{[%clk 1:31:04]} 3. c4 {[%clk 1:31:16]} Bg7 {[%clk 1:31:28]} 4. Nc3
{[%clk 1:31:36]} O-O {[%clk 1:31:45]} 5. e4 {[%clk 1:32:04]} d6 {[%clk 1:31:34]}
6. Be2 {[%clk 1:32:17]} e5 {[%clk 1:31:21]} 7. Bg5 {[%clk 1:32:02]} h6
{[%clk 1:29:54]} 8. Bxf6 {[%clk 1:30:44]} Bxf6 {[%clk 1:29:42]} 9. dxe5
{[%clk 1:31:04]} dxe5 {[%clk 1:29:41]} 10. Qxd8 {[%clk 1:30:55]} Rxd8
{[%clk 1:29:59]} 11. Nd5 {[%clk 1:31:12]} Bg7 {[%clk 1:28:43]} 12. Nxc7
{[%clk 1:31:28]} Nc6 {[%clk 1:27:59]} 13. Nxa8 {[%clk 1:31:44]} Bg4
{[%clk 1:26:21]} 14. Nc7 {[%clk 1:31:57]} Rc8 {[%clk 1:22:56]} 15. Nd5
{[%clk 1:32:15]} Bf8 {[%clk 1:22:35]} 16. Nf6+ {[%clk 1:32:28]} Kg7
{[%clk 1:21:36]} 17. Nxg4 {[%clk 1:32:52]} f6 {[%clk 1:21:29]} 18. O-O
{[%clk 1:33:09]} h5 {[%clk 1:21:54]} 19. Ne3 {[%clk 1:33:28]} Bc5
{[%clk 1:21:39]} 20. Nd5 {[%clk 1:33:18]} a6 {[%clk 1:20:46]} 21. Rfd1
{[%clk 1:32:27]} g5 {[%clk 1:19:39]} 22. Rab1 {[%clk 1:32:04]} g4
{[%clk 1:19:48]} 23. Nh4 {[%clk 1:32:05]} Nd4 {[%clk 1:18:49]} 24. Kf1
{[%clk 1:31:58]} Rf8 {[%clk 1:16:35]} 25. Bd3 {[%clk 1:29:45]} Ne6
{[%clk 1:12:55]} 26. b4 {[%clk 1:29:14]} Bd4 {[%clk 1:13:05]} 27. Nf5+
{[%clk 1:29:31]} Kg6 {[%clk 1:13:07]} 28. Nxd4 {[%clk 1:29:46]} Nxd4
{[%clk 1:13:26]} 29. Ne7+ {[%clk 1:29:37]} Kg5 {[%clk 1:12:07]} 30. Nf5
{[%clk 1:29:50]} Rd8 {[%clk 1:11:18]} 31. Nxd4 {[%clk 1:30:04]} Rxd4
{[%clk 1:11:31]} 32. Rbc1 {[%clk 1:29:48]} Rd8 {[%clk 1:11:13]} 33. Be2
{[%clk 1:29:22]} Rg8 {[%clk 1:10:09]} 34. Rd7 {[%clk 1:29:30]} Kh4
{[%clk 1:10:10]} 35. Rxb7 {[%clk 1:29:49]} Rg5 {[%clk 1:10:21]} 36. Rf7
{[%clk 1:29:51]} Rg6 {[%clk 1:08:38]} 37. c5 {[%clk 1:29:59]} Kg5
{[%clk 1:08:34]} 38. c6 {[%clk 1:30:20]} Kf4 {[%clk 1:08:23]} 39. c7
{[%clk 1:30:43]} Kxe4 {[%clk 1:08:15]} 40. c8=Q 1-0

[Event "WCO 2016"]
[Site "?"]
[Date "2016.09.11"]
[Round "9"]
[Board "6"]
[WhiteID "11102330"]
[White "Cumberbatch Gabriela"]
[BlackID "8700648"]
[Black "Hamoonga Linda Banti"]
[Result "0-1"]
[BlackElo "1783"]
[WhiteElo "1312"]
[LiveChessVersion "1.4.8"]

1. d4 {[%clk 1:30:56]} d5 {[%clk 1:30:58]} 2. Bf4 {[%clk 1:31:07]} Nf6
{[%clk 1:30:19]} 3. e3 {[%clk 1:30:37]} e6 {[%clk 1:29:37]} 4. Nf3
{[%clk 1:26:30]} Nbd7 {[%clk 1:29:18]} 5. c4 {[%clk 1:19:15]} c6 {[%clk 1:29:23]}
6. Qc2 {[%clk 1:14:30]} Bb4+ {[%clk 1:26:03]} 7. Nc3 {[%clk 1:11:27]} Ne4
{[%clk 1:22:21]} 8. Bd3 {[%clk 1:08:32]} Ndf6 {[%clk 1:19:45]} 9. O-O
{[%clk 1:05:15]} Bxc3 {[%clk 1:17:21]} 10. bxc3 {[%clk 1:04:57]} O-O
{[%clk 1:14:19]} 11. Rab1 {[%clk 0:55:03]} h6 {[%clk 1:11:51]} 12. Ne5
{[%clk 0:48:08]} Nd6 {[%clk 0:56:09]} 13. f3 {[%clk 0:45:36]} Nh5
{[%clk 0:54:20]} 14. Qf2 {[%clk 0:37:55]} Nxf4 {[%clk 0:53:52]} 15. exf4
{[%clk 0:38:15]} dxc4 {[%clk 0:43:19]} 16. Nxc4 {[%clk 0:36:15]} Nxc4
{[%clk 0:42:42]} 17. Bxc4 {[%clk 0:36:33]} Qc7 {[%clk 0:40:51]} 18. Qe3
{[%clk 0:35:07]} Bd7 {[%clk 0:39:47]} 19. Bd3 {[%clk 0:30:51]} Rab8
{[%clk 0:33:38]} 20. c4 {[%clk 0:23:35]} Rfc8 {[%clk 0:27:35]} 21. Rfc1
{[%clk 0:23:03]} Qd6 {[%clk 0:22:52]} 22. a4 {[%clk 0:16:35]} c5 {[%clk 0:21:21]}
23. dxc5 {[%clk 0:14:00]} Rxc5 {[%clk 0:14:29]} 24. Rd1 {[%clk 0:08:58]} Qc7
{[%clk 0:13:36]} 25. Rb4 {[%clk 0:06:27]} a5 {[%clk 0:11:36]} 26. Rb2
{[%clk 0:06:12]} Bxa4 {[%clk 0:11:38]} 27. Ra1 {[%clk 0:05:23]} Bd7
{[%clk 0:10:37]} 28. Rc2 {[%clk 0:02:09]} b6 {[%clk 0:09:46]} 29. Rb1
{[%clk 0:01:34]} Bc6 {[%clk 0:08:22]} 30. Be2 {[%clk 0:01:12]} Bb7
{[%clk 0:07:44]} 31. Rbc1 {[%clk 0:00:33]} b5 {[%clk 0:07:06]} 0-1

[Event "WCO 2016"]
[Site "?"]
[Date "2016.09.11"]
[Round "9"]
[Board "7"]
[WhiteID "8700591"]
[White "Mbatha Constance"]
[BlackID "11103230"]
[Black "Sandiford Segan"]
[Result "1-0"]
[BlackElo "1226"]
[WhiteElo "1746"]
[LiveChessVersion "1.4.8"]

1. e4 {[%clk 1:30:58]} e5 {[%clk 1:30:55]} 2. Nf3 {[%clk 1:31:27]} Nc6
{[%clk 1:31:15]} 3. Bc4 {[%clk 1:31:44]} Bc5 {[%clk 1:31:07]} 4. Nc3
{[%clk 1:31:49]} Nf6 {[%clk 1:31:17]} 5. d3 {[%clk 1:32:15]} h6 {[%clk 1:30:23]}
6. O-O {[%clk 1:30:46]} d6 {[%clk 1:28:37]} 7. h3 {[%clk 1:29:59]} O-O
{[%clk 1:27:03]} 8. a3 {[%clk 1:29:53]} Be6 {[%clk 1:12:27]} 9. Ba2
{[%clk 1:26:57]} Ne7 {[%clk 1:07:19]} 10. Na4 {[%clk 1:26:09]} Bb6
{[%clk 1:02:49]} 11. Nxb6 {[%clk 1:26:12]} axb6 {[%clk 1:03:04]} 12. Nh2
{[%clk 1:26:23]} Bxa2 {[%clk 1:00:47]} 13. Rxa2 {[%clk 1:26:50]} d5
{[%clk 0:58:33]} 14. f3 {[%clk 1:24:07]} Ng6 {[%clk 0:55:13]} 15. Ra1
{[%clk 1:24:17]} Re8 {[%clk 0:49:09]} 16. Qe1 {[%clk 1:22:23]} Qd6
{[%clk 0:44:47]} 17. Qf2 {[%clk 1:21:28]} b5 {[%clk 0:37:37]} 18. Bd2
{[%clk 1:21:03]} c5 {[%clk 0:36:57]} 19. g3 {[%clk 1:20:55]} Nh5 {[%clk 0:30:32]}
20. Kg2 {[%clk 1:19:20]} Re6 {[%clk 0:18:17]} 21. Ng4 {[%clk 1:18:50]} Rf8
{[%clk 0:14:46]} 22. Ne3 {[%clk 1:18:13]} Ne7 {[%clk 0:13:34]} 23. Nf5
{[%clk 1:17:24]} Nxf5 {[%clk 0:13:45]} 24. exf5 {[%clk 1:17:48]} Ree8
{[%clk 0:11:08]} 25. Rae1 {[%clk 1:18:07]} Nf6 {[%clk 0:08:24]} 26. Be3
{[%clk 1:08:37]} d4 {[%clk 0:07:24]} 27. Bd2 {[%clk 1:08:37]} Nd5
{[%clk 0:05:58]} 28. Re4 {[%clk 1:06:57]} h5 {[%clk 0:03:36]} 29. Rfe1
{[%clk 1:07:10]} Re7 {[%clk 0:01:06]} 30. g4 {[%clk 1:06:15]} hxg4
{[%clk 0:01:16]} 31. hxg4 {[%clk 1:06:09]} Rfe8 {[%clk 0:00:50]} 32. Qh4
{[%clk 1:06:20]} 1-0

[Event "WCO 2016"]
[Site "?"]
[Date "2016.09.11"]
[Round "9"]
[Board "9"]
[WhiteID "15900320"]
[White "Caton Stacey"]
[BlackID "21300119"]
[Black "Leboela Maboloko"]
[Result "1/2-1/2"]
[BlackElo "1406"]
[WhiteElo "1605"]
[LiveChessVersion "1.4.8"]

1. d4 {[%clk 1:30:55]} d5 {[%clk 1:30:37]} 2. Nf3 {[%clk 1:31:20]} Nf6
{[%clk 1:30:44]} 3. e3 {[%clk 1:31:18]} c5 {[%clk 1:30:50]} 4. c4
{[%clk 1:23:55]} e6 {[%clk 1:30:09]} 5. Bd3 {[%clk 1:22:01]} Bd6 {[%clk 1:26:39]}
6. Nc3 {[%clk 1:17:44]} O-O {[%clk 1:20:50]} 7. O-O {[%clk 1:09:09]} Nc6
{[%clk 1:18:31]} 8. cxd5 {[%clk 1:02:22]} cxd4 {[%clk 1:13:41]} 9. exd4
{[%clk 1:01:32]} Nxd5 {[%clk 1:12:16]} 10. Nxd5 {[%clk 0:58:05]} exd5
{[%clk 1:10:22]} 11. Re1 {[%clk 0:40:51]} g6 {[%clk 1:03:39]} 12. Qd2
{[%clk 0:26:30]} Bb4 {[%clk 1:00:50]} 13. Qh6 {[%clk 0:23:35]} Qf6
{[%clk 0:59:23]} 14. Ng5 {[%clk 0:22:32]} Qg7 {[%clk 0:58:47]} 15. Qxg7+
{[%clk 0:22:56]} Kxg7 {[%clk 0:59:03]} 16. Rd1 {[%clk 0:23:11]} f6
{[%clk 0:58:51]} 17. Nf3 {[%clk 0:23:27]} Bg4 {[%clk 0:58:12]} 18. Be2
{[%clk 0:21:16]} Rae8 {[%clk 0:58:12]} 19. Bb5 {[%clk 0:17:29]} Re6
{[%clk 0:56:51]} 20. Be3 {[%clk 0:16:41]} a6 {[%clk 0:56:23]} 21. Bxc6
{[%clk 0:15:53]} Rxc6 {[%clk 0:56:37]} 22. Rdc1 {[%clk 0:15:31]} Bxf3
{[%clk 0:56:11]} 23. gxf3 {[%clk 0:14:37]} Rfc8 {[%clk 0:56:35]} 24. a3
{[%clk 0:14:59]} Ba5 {[%clk 0:56:30]} 25. Rxc6 {[%clk 0:13:31]} Rxc6
{[%clk 0:56:24]} 26. Rc1 {[%clk 0:13:37]} Bb6 {[%clk 0:55:45]} 27. Rxc6
{[%clk 0:13:55]} bxc6 {[%clk 0:56:13]} 28. b4 {[%clk 0:14:13]} a5
{[%clk 0:55:57]} 29. Kf1 {[%clk 0:14:14]} Kf7 {[%clk 0:56:22]} 30. Ke2
{[%clk 0:13:38]} Ke6 {[%clk 0:56:10]} 31. Kd3 {[%clk 0:12:49]} axb4
{[%clk 0:55:17]} 32. axb4 {[%clk 0:12:45]} f5 {[%clk 0:55:09]} 33. Bg5
{[%clk 0:09:49]} h5 {[%clk 0:55:16]} 34. h4 {[%clk 0:09:21]} Bc7 {[%clk 0:55:35]}
35. f4 {[%clk 0:07:35]} Bd6 {[%clk 0:55:56]} 36. Kc3 {[%clk 0:07:14]} Bb8
{[%clk 0:55:13]} 37. Kd3 {[%clk 0:02:27]} Kd7 {[%clk 0:55:26]} 38. Kc3
{[%clk 0:02:20]} Bd6 {[%clk 0:55:46]} 39. Kb3 {[%clk 0:02:30]} Bb8
{[%clk 0:55:52]} 40. Kc3 {[%clk 0:31:50]} 1/2-1/2

[Event "WCO 2016"]
[Site "?"]
[Date "2016.09.11"]
[Round "9"]
[Board "12"]
[WhiteID "21300313"]
[White "Manyeli Mahlauli "]
[BlackID "15900177"]
[Black "Jacobs Annelaine"]
[Result "0-1"]
[BlackElo "1679"]
[WhiteElo "1088"]
[LiveChessVersion "1.4.8"]

1. e4 {[%clk 1:30:53]} c5 {[%clk 1:30:28]} 2. Nf3 {[%clk 1:29:31]} d6
{[%clk 1:30:54]} 3. Be2 {[%clk 1:29:08]} Nf6 {[%clk 1:26:12]} 4. Nc3
{[%clk 1:29:25]} g6 {[%clk 1:25:49]} 5. O-O {[%clk 1:28:38]} Bg7 {[%clk 1:26:08]}
6. d4 {[%clk 1:26:11]} cxd4 {[%clk 1:26:29]} 7. Nxd4 {[%clk 1:26:15]} Nc6
{[%clk 1:23:42]} 8. Nf3 {[%clk 1:26:17]} O-O {[%clk 1:23:36]} 9. h3
{[%clk 1:25:21]} Qb6 {[%clk 1:15:28]} 10. Rb1 {[%clk 1:22:57]} a6
{[%clk 0:50:26]} 11. Bf4 {[%clk 1:20:46]} Qa5 {[%clk 0:48:34]} 12. Qc1
{[%clk 1:17:03]} Nh5 {[%clk 0:46:05]} 13. Bh6 {[%clk 1:15:52]} b5
{[%clk 0:40:35]} 14. Bxg7 {[%clk 1:15:13]} Kxg7 {[%clk 0:40:32]} 15. a3
{[%clk 1:13:25]} Nf6 {[%clk 0:39:02]} 16. Nd5 {[%clk 1:08:55]} Nxe4
{[%clk 0:34:39]} 17. Bd3 {[%clk 1:07:03]} Nf6 {[%clk 0:32:53]} 18. b4
{[%clk 1:06:17]} Qd8 {[%clk 0:33:01]} 19. Nxf6 {[%clk 1:06:05]} exf6
{[%clk 0:33:26]} 20. Qb2 {[%clk 1:06:10]} Ne5 {[%clk 0:27:34]} 21. Be4
{[%clk 1:00:53]} Ra7 {[%clk 0:26:51]} 22. Rbd1 {[%clk 1:00:38]} Qb6
{[%clk 0:26:02]} 23. Nd4 {[%clk 0:55:04]} Re8 {[%clk 0:21:51]} 24. f4
{[%clk 0:52:46]} Nc4 {[%clk 0:22:06]} 25. Qc1 {[%clk 0:50:03]} Rxe4
{[%clk 0:22:22]} 26. c3 {[%clk 0:49:43]} Rae7 {[%clk 0:18:40]} 27. Kh2
{[%clk 0:49:06]} Ne3 {[%clk 0:18:42]} 28. Rfe1 {[%clk 0:44:06]} Nxd1
{[%clk 0:17:27]} 29. Rxe4 {[%clk 0:44:03]} Rxe4 {[%clk 0:17:45]} 30. Qxd1
{[%clk 0:43:03]} Qc7 {[%clk 0:17:59]} 31. Qd3 {[%clk 0:42:00]} Rxf4
{[%clk 0:17:37]} 32. Qg3 {[%clk 0:35:18]} Rxd4 {[%clk 0:16:01]} 33. cxd4
{[%clk 0:35:23]} Qe7 {[%clk 0:14:52]} 34. d5 {[%clk 0:32:21]} Qe5
{[%clk 0:15:16]} 35. Qxe5 {[%clk 0:31:55]} fxe5 {[%clk 0:15:41]} 36. g3
{[%clk 0:30:36]} Bb7 {[%clk 0:16:06]} 37. h4 {[%clk 0:30:11]} Bxd5
{[%clk 0:16:30]} 38. Kg1 {[%clk 0:30:33]} e4 {[%clk 0:16:41]} 39. Kf2
{[%clk 0:30:15]} Bc4 {[%clk 0:16:36]} 40. Ke3 {[%clk 1:00:16]} d5
{[%clk 0:46:54]} 41. Kd4 {[%clk 0:57:18]} Kf6 {[%clk 0:47:12]} 42. g4
{[%clk 0:56:29]} h5 {[%clk 0:47:29]} 43. gxh5 {[%clk 0:53:28]} gxh5
{[%clk 0:41:31]} 44. Ke3 {[%clk 0:48:36]} Kf5 {[%clk 0:41:45]} 0-1